Gaming Quiz

Random Gaming or Toys Quiz

Toys: Close-Up II Quiz Stats

 Plays Quiz Updated Jan 11, 2019

Support Sporcle.
Go Orange.
Score 0/20 Timer 04:00
5 Plays Today
Toy % Correct
Monopoly
96%
Battleship
88.3%
G.I. Joe
87.5%
Blocks
80.4%
Yo-yo
79.7%
Easy-Bake Oven
76.7%
Hungry Hungry Hippos
74.6%
Simon
73.3%
Nintendo DS
70.9%
Candyland
70.1%
Toy % Correct
Silly Putty
69.3%
Game of Life
68.3%
Rock 'em Sock'em Robots
67.9%
Wii
66.2%
He-Man
65.8%
Transformers
62%
Lite Brite
58.3%
Tinkertoys
39.4%
Speak 'n Spell
30.2%
Bakugan
10%

From the Vault

Prime Ministers of Israel

by EasilyConfused

History 7m
We are pretty sure that life in the Agion House is never boring.
Remove Ads.
Support Sporcle.
Get the best of Sporcle when you Go Orange. This ad-free experience offers more features, more stats, and more fun while also helping to support Sporcle. Thank you for becoming a member.

Show Comments

Extras

Top Quizzes Today


Score Distribution

Your Account Isn't Verified!

In order to create a playlist on Sporcle, you need to verify the email address you used during registration. Go to your Sporcle Settings to finish the process.

Report this User

Report this user for behavior that violates our Community Guidelines.

Details: